000 00607nam a2200181 a 4500
001 000009032
005 20200929161452.0
008 090925s1970 dr r 000 p spa d
040 _aDO-SdBNP
_bspa
_cBNPHU
082 _aPR861.44
_bE18p
100 1 _aEchavarría, Colón,
_d1898-
_923673
245 1 0 _aPuños y regatones /
_cColón Echavarría.
260 _aSan Juan, Puerto Rico :
_b[s.n.],
_c1970.
586 _aLa biblioteca posee 1 ejemplar autografiado por el autor
650 4 _aPoesía puertorriqueña
_91015
650 4 _aLiteratura puertorriqueña
_9250
910 _aValidado. Control de calidad. MFF
999 _c8796
_d8796